Emerging trends in phytopharmaceuticals
Saved in:
| Hovedforfatter: | |
|---|---|
| Format: | Bog |
| Sprog: | engelsk |
| Udgivet: |
CBS Publishers
2019
|
| Tags: |
Tilføj Tag
Ingen Tags, Vær først til at tagge denne postø!
|
MARC
| LEADER | 00000nam a22000007a 4500 | ||
|---|---|---|---|
| 008 | 240104b |||||||| |||| 00| 0 eng d | ||
| 020 | |a 9788123926193 | ||
| 100 | |a INGLE-JADHAV, Priyanka |a Jadhav, Manoj |a Kshirsagar, Nilima | ||
| 245 | |a Emerging trends in phytopharmaceuticals |c Ingle- Jadhav, Manoj Jadhav, Nilima Kshirsagar |g xiv, 186p | ||
| 260 | |b CBS Publishers |c 2019 |h New Delhi |i 700321 |i 700322 |l RC350.In4 |m Photochemicals - Therapeutic use |m Manoj Jadhav, |m Nilima Kshirsagar | ||
| 500 | |a it includes index | ||
| 942 | |a lcc |c BK |e Johnson |f 04/01/24 | ||
| 952 | |0 0 |1 0 |2 lcc |4 0 |6 RC0350 I N4 |7 0 |9 4757 |a HOL |b HE |c QZ |d 2024-01-04 |l 0 |o RC350.In4 |p 2024-0011 |r 2024-01-04 00:00:00 |t 700321 |w 2024-01-04 |y BK | ||
| 952 | |0 0 |1 0 |2 lcc |4 0 |6 RC0350 I N4 |7 0 |9 5104 |a HOL |b HE |c QZ |d 2024-04-25 |l 0 |n 2 |o RC350 .In4 |p 2024-0351 |r 2024-04-25 00:00:00 |t 700322 |w 2024-04-25 |y BK | ||
| 999 | |c 2383 |d 2383 | ||